| 000 | 00769nam a22002177a 4500 | ||
|---|---|---|---|
| 999 |
_c17604 _d17604 |
||
| 003 | AR-CdUCM | ||
| 008 | 190320b ||||| |||| 00| 0 spa d | ||
| 040 |
_aMUNICIPALIDAD PROVINCIAL DEL CUSCO _cBIBLIOTECA MUNICIPAL DEL CUSCO |
||
| 082 |
_214ed. _a657.072 / _bC563 |
||
| 100 |
_aCholvis, Francisco _920730 |
||
| 245 |
_aContabilidad : _bQuinto curso / |
||
| 260 |
_aBuenos Aires : _bEl Ateneo, _c1973. |
||
| 300 |
_a349 páginas ; _c20 cm. |
||
| 505 | _aContenido: Bancos -- Bancos de depósitos y descuentos -- Banco hipotecario Nacional -- Operaciones de bolsa -- Seguros ... | ||
| 650 |
_aBancos _94353 |
||
| 650 |
_aDepósitos, seguros _920731 |
||
| 650 |
_aContabilidad _910543 |
||
| 650 |
_aArgentina _9511 |
||
| 942 |
_2ddc _cLIBROS |
||
| 945 |
_awnts _d2019-05-09 |
||